| 000 | 00627nam a2200217 i 4500 | ||
|---|---|---|---|
| 001 | bg | ||
| 100 | 1 | _aGHOSH, Pradip K. | |
| 245 | 1 | 0 |
_aIntroduction to Photoelectron Spectroscopy / _cPradip K. Ghosh. |
| 260 |
_aNew York [i in.] : _bJohn Wiley and Sons, _c1983. |
||
| 300 |
_aX, 377 s. : _brys., wykr. ; _c24 cm. |
||
| 490 | 1 |
_aChemical Analysis, _x0069-2883 ; _vv. 67 |
|
| 504 | _aBibliogr. s. 285-370. | ||
| 830 |
_aChemical Analysis, _x0069-2883 ; |
||
| 020 | _a0471064270 | ||
| 040 | _cBPK | ||
| 041 | _apol | ||
| 080 | _a543 | ||
| 920 | _a0-471-06427-0 | ||
| 942 | _cKS | ||
| 008 | s pl f |000 0 pol | ||
| 999 |
_c28299 _d28299 |
||
| 856 |
_uhttp://koha.tu.koszalin.pl/cgi-bin/koha/opac-detail.pl?biblionumber=28299 _yKatalog online BPK |
||